=LDR 00000nam 2200000 4500 =001 INLIS000000000004671 =005 20200206021527 =035 ##$$a 0010-061300000004671 =008 200206################g##########0#ind## =041 ##$$a Ind =082 ##$$a 004 =090 ##$$a 004, Sur p =100 ##$$a SURYATMO, F =245 1#$$a Pengetahuan Dasar Komputer /$c F. Suryatmo dan Dedy Rusmadi. =260 ##$$a Jakarta :$b Rineka Cipta,$c 2000 =300 ##$$a xii, 78 hlm. : $b Ilus. ; $c 14,5 x 21 cm =650 #4$$a Komputer =700 #$$a RUSMADI, DEDY =850 ##$$a NBPNMAT =020 ##$$a 979-518-095-9 =084 ##$$a 004 SUR p =250 ##$$a Cet.3 =990 ##$$a 163.887 - 163.891/Pro.2001 =990 ##$$a DW00016177 =990 ##$$a DW00016178 =990 ##$$a DW00016179 =990 ##$$a DW00016180 =990 ##$$a 91104/BPAP-NTB/2014